000 00264nam a22001217a 4500
040 _cSK
082 _a630
100 _aFAO
245 _aManual on the production and use of live food for aquaculture
260 _aROME
_bFAO
_c1996
300 _a295p.
942 _cEK
999 _c9982
_d9982